原神 元素&武器種クイズ(星4キャラ) - Statistics

General Stats
  • This quiz has been taken 178 times
  • The average score is 26 of 35
Answer Stats
レアリティ 元素 武器種 答え % Correct
星4 片手剣 ベネット
96%
星4 長柄武器 香菱、トーマ、シュヴルーズ
93%
星4 片手剣 行秋
93%
星4 法器 煙緋
92%
星4 両手剣 辛炎、嘉明
88%
星4 アンバー
88%
星4 法器 バーバラ
85%
星4 コレイ
84%
星4 両手剣 レザー、北斗、ドリー
81%
星4 法器 リサ
81%
星4 両手剣 カーヴェ
80%
星4 法器 スクロース、鹿野院平蔵、藍硯
80%
星4 フィッシュル、九条裟羅、セトス、オロルン
79%
星4 長柄武器 キャンディス
77%
星4 片手剣 ガイア、レイラ
75%
星4 両手剣 重雲、フレミネ
75%
星4 法器 凝光
75%
星4 両手剣 ノエル
74%
星4 ゴロー
72%
星4 長柄武器 ヨォーヨ
71%
星4 長柄武器 ロサリア、ミカ
71%
星4 ファルザン
70%
星4 長柄武器 雲菫、カチーナ
70%
星4 片手剣 リネット
69%
星4 片手剣 久岐忍
69%
星4 片手剣 綺良々
66%
星4 なし
65%
星4 両手剣 なし
64%
星4 法器 なし
64%
星4 両手剣 早柚
63%
星4 ディオナ
62%
星4 片手剣 なし
58%
星4 法器 シャルロット
57%
星4 長柄武器 なし
56%
星4 長柄武器 なし
54%
No matching quizzes found
Score Distribution
Percent of People with Each Score
Percentile by Number Answered
Your Score History
You have not taken this quiz